| 000 | 00572nam a2200169Ia 4500 | ||
|---|---|---|---|
| 003 | 0 | ||
| 005 | 20250214141616.0 | ||
| 008 | 140724s9999 xx 000 0 und d | ||
| 050 |
_aTP 1 _b.Sa194 2009 |
||
| 100 | _aSanchez, Lean Rosendo Hallares. | ||
| 245 |
_aComputerized inventory system for RBS Engineering Technologies / _cLean Rosendo Hallares Sanchez. |
||
| 260 |
_aLas PiƱas, Philippines : _bSouthville International School and Colleges, _cc2009. |
||
| 300 |
_a131 p. : _bill. ; _c28 cm. |
||
| 521 | _aInformation Technology | ||
| 942 |
_cTH _2lcc |
||
| 999 |
_c229251 _d229251 |
||